The chordates

Guardado en:
Detalles Bibliográficos
Autor principal: Alexander, R. McNeill
Formato: Libro
Lenguaje:inglés
Publicado: Cambridge Cambridge University 1981
Edición:Segunda edición
Materias:
Etiquetas: Agregar Etiqueta
Sin Etiquetas, Sea el primero en etiquetar este registro!

MARC

LEADER 00000nam a2200000 a 4500
001 UCT5264
003 CL-VaPUC
005 20211028074320.0
008 961205e19810000uk |||||||||||||||||eng|d
999 |c 254238  |d 254236 
040 |c Pontificia Universidad Católica de Valparaíso 
082 0 4 |a 596 ALE 1981  |2 21 
100 0 |a Alexander, R. McNeill  |9 374624 
245 1 4 |a The chordates 
250 |a Segunda edición 
260 |a Cambridge  |b Cambridge University  |c 1981 
300 |a 510 páginas 
583 |a last modification  |c 20130724 07:36:27  |k Rodrigo Vera 
650 7 |a CORDADOS  |2 CL-VaPUC  |9 338538 
650 0 |a Invertebrados  |9 261302 
650 7 |a FISIOLOGIA ANIMAL  |2 CL-VaPUC  |9 269586 
650 0 |a Zoología  |9 261613 
650 0 |a Morfología  |9 334440 
650 7 |a SISTEMAS LOCOMOTORES  |2 CL-VaPUC  |9 374601 
942 |c BK  |2 ddc 
945 |d 19961205 00:00:00  |a paguirre 
952 |0 0  |1 0  |2 ddc  |4 0  |6 596_000000000000000_ALE_1981  |7 0  |8 A  |9 275738  |a BIBCUR  |b BIBCUR  |d 2019-11-19  |i 1795333  |l 2  |o 596 ALE 1981  |p 1795333  |r 2025-04-22  |s 2024-03-13  |t 1  |w 2019-11-19  |y BK  |k BIO